000 00587nam a2200205Ia 4500
005 20260119144411.0
008 008 260114s9999 xx 000 0 eng d
020 _a9781843347583
037 _aEBOOK
040 _aCRL
_beng
_cCRL
041 _aeng
_2eng
084 _qCRL
100 _aMossop, Stephen
_9905240
245 0 _aCustomer Service in Academic Libraries
260 _aChandos Publishing
_bElsevier
_c2016
650 _aSocial Sciences
_9905241
856 _uhttps://www.sciencedirect.com/science/book/9781843347583
942 _cEBOOK
999 _c1497168
_d1497168